| 000 | 00428nam a22001817a 4500 | ||
|---|---|---|---|
| 003 | MPLRDC | ||
| 005 | 20220104142831.0 | ||
| 008 | 210129b ||||| |||| 00| 0 eng d | ||
| 082 | _a490.8 SYR v.39 c.3 | ||
| 100 | _a黄土编译 | ||
| 245 |
_a强者的经营 _c |
||
| 250 | _a再版 | ||
| 260 |
_a _b国家出版社 _c1981 |
||
| 300 | _b平 | ||
| 490 | _a生意人丛刊;39 | ||
| 650 | _a | ||
| 942 |
_cBK _o490.8 SYR v.39 c.3 |
||
| 999 |
_c34084 _d34074 |
||